[Event "2023 National K-12 Grade Championships"]
[Site "Orlando, Florida, United States"]
[Date "2023.12.16"]
[Round "5.11"]
[White "Ngo, Bach"]
[Black "Wu, William"]
[Result "1-0"]
[TimeControl "G/90;d10"]
[WhiteElo "2446"]
[BlackElo "2144"]

1. c4 {[%clk 01:29:42]} {[%emt 00:00:26]} e6 {[%clk 01:28:36]} {[%emt
00:01:35]} 2. Nc3 {[%clk 01:29:42]} {[%emt 00:00:09]} d5 {[%clk 01:28:29]}
{[%emt 00:00:18]} 3. d4 {[%clk 01:28:31]} {[%emt 00:01:20]} Nf6 {[%clk
01:28:17]} {[%emt 00:00:23]} 4. Bg5 {[%clk 01:28:31]} {[%emt 00:00:07]} Be7
{[%clk 01:28:10]} {[%emt 00:00:17]} 5. e3 {[%clk 01:28:31]} {[%emt 00:00:06]}
h6 {[%clk 01:27:45]} {[%emt 00:00:35]} 6. Bh4 {[%clk 01:28:29]} {[%emt
00:00:12]} O-O {[%clk 01:26:50]} {[%emt 00:01:06]} 7. Rc1 {[%clk 01:28:28]}
{[%emt 00:00:09]} b6 {[%clk 01:22:58]} {[%emt 00:04:03]} 8. cxd5 {[%clk
01:28:14]} {[%emt 00:00:23]} Nxd5 {[%clk 01:21:01]} {[%emt 00:02:08]} 9. Nxd5
{[%clk 01:27:55]} {[%emt 00:00:28]} exd5 {[%clk 01:20:48]} {[%emt 00:00:24]} 10.
Bxe7 {[%clk 01:27:28]} {[%emt 00:00:37]} Qxe7 {[%clk 01:20:47]} {[%emt
00:00:12]} 11. a3 {[%clk 01:25:09]} {[%emt 00:02:28]} Be6 {[%clk 01:11:52]}
{[%emt 00:09:06]} 12. Nf3 {[%clk 01:23:04]} {[%emt 00:02:14]} c5 {[%clk
01:05:29]} {[%emt 00:06:34]} 13. dxc5 {[%clk 01:22:45]} {[%emt 00:00:29]} bxc5
{[%clk 01:05:24]} {[%emt 00:00:15]} 14. Qc2 {[%clk 01:21:59]} {[%emt 00:00:55]}
Nd7 {[%clk 01:01:33]} {[%emt 00:04:03]} 15. Bb5 {[%clk 01:19:56]} {[%emt
00:02:13]} Rab8 {[%clk 00:46:51]} {[%emt 00:14:52]} 16. Bxd7 {[%clk 01:19:51]}
{[%emt 00:00:14]} Qxd7 {[%clk 00:46:10]} {[%emt 00:00:52]} 17. O-O {[%clk
01:19:51]} {[%emt 00:00:09]} Rfc8 {[%clk 00:45:14]} {[%emt 00:01:03]} 18. Rfd1
{[%clk 01:19:14]} {[%emt 00:00:49]} d4 {[%clk 00:37:51]} {[%emt 00:07:35]} 19.
Qd2 {[%clk 01:04:34]} {[%emt 00:14:47]} Bg4 {[%clk 00:25:09]} {[%emt 00:12:54]}
20. Ne5 {[%clk 00:57:20]} {[%emt 00:07:25]} Qe6 {[%clk 00:24:20]} {[%emt
00:00:59]} 21. Nxg4 {[%clk 00:57:19]} {[%emt 00:00:11]} Qxg4 {[%clk 00:24:20]}
{[%emt 00:00:06]} 22. exd4 {[%clk 00:56:48]} {[%emt 00:00:41]} Qxd4 {[%clk
00:17:08]} {[%emt 00:07:23]} 23. Qxd4 {[%clk 00:56:37]} {[%emt 00:00:21]} cxd4
{[%clk 00:17:08]} {[%emt 00:00:05]} 24. Rxc8+ {[%clk 00:56:27]} Rxc8 {[%clk
00:17:08]} {[%emt 00:00:25]} 25. g3 {[%clk 00:56:18]} {[%emt 00:00:18]} Rc2
{[%clk 00:14:27]} {[%emt 00:02:51]} 26. Rxd4 {[%clk 00:56:04]} {[%emt
00:00:23]} Rxb2 {[%clk 00:14:27]} {[%emt 00:00:08]} 27. Rd8+ {[%clk 00:56:03]}
{[%emt 00:00:11]} Kh7 {[%clk 00:14:27]} {[%emt 00:00:04]} 28. Rd7 {[%clk
00:56:03]} {[%emt 00:00:03]} a5 {[%clk 00:13:09]} {[%emt 00:01:29]} 29. Rd5
{[%clk 00:54:07]} {[%emt 00:02:06]} a4 {[%clk 00:12:03]} {[%emt 00:01:16]} 30.
Rd4 {[%clk 00:52:39]} {[%emt 00:01:37]} Ra2 {[%clk 00:11:36]} {[%emt 00:00:38]}
31. Rxa4 {[%clk 00:52:39]} {[%emt 00:00:07]} g5 {[%clk 00:10:45]} {[%emt
00:01:01]} 32. g4 {[%clk 00:49:59]} {[%emt 00:02:48]} Kg6 {[%clk 00:08:30]}
{[%emt 00:02:27]} 33. Ra6+ {[%clk 00:49:31]} {[%emt 00:00:37]} f6 {[%clk
00:08:30]} {[%emt 00:00:10]} 34. Kg2 {[%clk 00:48:02]} {[%emt 00:01:38]} h5
{[%clk 00:08:06]} {[%emt 00:00:34]} 35. h3 {[%clk 00:47:43]} {[%emt 00:00:28]}
h4 {[%clk 00:06:40]} {[%emt 00:01:37]} 36. Ra7 {[%clk 00:47:41]} {[%emt
00:00:11]} Ra1 {[%clk 00:06:02]} {[%emt 00:00:49]} 37. Ra8 {[%clk 00:46:41]}
{[%emt 00:01:09]} Kg7 {[%clk 00:05:48]} {[%emt 00:00:24]} 38. Ra5 {[%clk
00:38:47]} {[%emt 00:08:04]} Kg6 {[%clk 00:05:37]} {[%emt 00:00:21]} 39. Ra7
{[%clk 00:38:47]} {[%emt 00:00:05]} Kh6 {[%clk 00:05:18]} {[%emt 00:00:29]} 40.
Ra6 {[%clk 00:36:45]} {[%emt 00:02:12]} Kg6 {[%clk 00:05:13]} {[%emt 00:00:15]}
41. Ra8 {[%clk 00:32:04]} {[%emt 00:04:51]} Kg7 {[%clk 00:05:05]} {[%emt
00:00:18]} 42. a4 {[%clk 00:26:33]} {[%emt 00:05:41]} Ra3 {[%clk 00:05:05]}
{[%emt 00:00:10]} 43. a5 {[%clk 00:26:33]} {[%emt 00:00:04]} Kg6 {[%clk
00:04:37]} {[%emt 00:00:38]} 44. a6 {[%clk 00:26:27]} {[%emt 00:00:16]} Kg7
{[%clk 00:04:37]} {[%emt 00:00:04]} 45. Kh2 {[%clk 00:26:15]} {[%emt 00:00:22]}
Ra2 {[%clk 00:04:37]} {[%emt 00:00:07]} 46. Kg1 {[%clk 00:26:15]} {[%emt
00:00:09]} Ra1+ {[%clk 00:04:37]} {[%emt 00:00:09]} 47. Kg2 {[%clk 00:26:15]}
{[%emt 00:00:10]} Ra3 {[%clk 00:04:37]} {[%emt 00:00:03]} 48. Ra7+ {[%clk
00:26:15]} {[%emt 00:00:07]} Kg6 {[%clk 00:04:27]} {[%emt 00:00:20]} 49. f3
{[%clk 00:25:54]} {[%emt 00:00:31]} Ra2+ {[%clk 00:04:27]} {[%emt 00:00:10]} 50.
Kf1 {[%clk 00:25:35]} {[%emt 00:00:29]} Kh6 {[%clk 00:02:53]} {[%emt 00:01:44]}
51. Ke1 {[%clk 00:25:32]} {[%emt 00:00:13]} Kg6 {[%clk 00:02:44]} {[%emt
00:00:19]} 52. Kd1 {[%clk 00:25:14]} {[%emt 00:00:27]} Kh6 {[%clk 00:02:07]}
{[%emt 00:00:47]} 53. Kc1 {[%clk 00:24:48]} {[%emt 00:00:37]} Kg6 {[%clk
00:02:07]} {[%emt 00:00:02]} 54. Kb1 {[%clk 00:24:48]} {[%emt 00:00:06]} Ra5
{[%clk 00:01:53]} {[%emt 00:00:22]} 55. Kb2 {[%clk 00:24:42]} {[%emt 00:00:18]}
Ra4 {[%clk 00:01:51]} {[%emt 00:00:11]} 56. Ra8 {[%clk 00:24:22]} {[%emt
00:00:30]} Ra5 {[%clk 00:01:17]} {[%emt 00:00:44]} 57. Kb3 {[%clk 00:24:08]}
{[%emt 00:00:25]} Ra1 {[%clk 00:01:01]} {[%emt 00:00:26]} 58. Kb4 {[%clk
00:24:08]} {[%emt 00:00:09]} f5 {[%clk 00:00:43]} {[%emt 00:00:29]} 59. gxf5+
{[%clk 00:23:58]} {[%emt 00:00:19]} Kxf5 {[%clk 00:00:21]} {[%emt 00:00:32]} 60.
Rf8+ {[%clk 00:17:07]} {[%emt 00:07:00]} Ke5 {[%clk 00:00:21]} {[%emt
00:00:02]} 61. Kb5 {[%clk 00:17:07]} {[%emt 00:00:05]} Kd4 {[%clk 00:00:21]}
{[%emt 00:00:05]} 62. Rf5 {[%clk 00:16:54]} {[%emt 00:00:22]} Ke3 {[%clk
00:00:21]} {[%emt 00:00:07]} 63. Rxg5 {[%clk 00:15:46]} {[%emt 00:01:18]} Kxf3
{[%clk 00:00:21]} {[%emt 00:00:02]} 64. Rg4 {[%clk 00:15:46]} {[%emt 00:00:07]}
Re1 {[%clk 00:00:20]} {[%emt 00:00:11]} 65. a7 {[%clk 00:13:22]} {[%emt
00:02:33]} Re5+ {[%clk 00:00:20]} {[%emt 00:00:03]} 66. Kb4 {[%clk 00:13:22]}
{[%emt 00:00:07]} Re8 {[%clk 00:00:20]} {[%emt 00:00:10]} 67. Rxh4 {[%clk
00:13:17]} {[%emt 00:00:15]} Kg3 {[%clk 00:00:11]} {[%emt 00:00:19]} 68. Rh7
{[%clk 00:13:17]} {[%emt 00:00:09]} 1-0

[Event "2023 National K-12 Grade Championships"]
[Site "Orlando, Florida, United States"]
[Date "2023.12.16"]
[Round "5.12"]
[White "Zhao, Erick"]
[Black "Hardaway, Brewington"]
[Result "0-1"]
[TimeControl "G/90;d10"]
[WhiteElo "2441"]
[BlackElo "2457"]

1. e4 {[%clk 01:23:27]} {[%emt 00:06:32]} e5 {[%clk 01:30:00]} {[%emt
00:00:06]} 2. Nf3 {[%clk 01:22:56]} {[%emt 00:00:40]} Nc6 {[%clk 01:30:00]}
{[%emt 00:00:05]} 3. Bb5 {[%clk 01:22:56]} {[%emt 00:00:07]} a6 {[%clk
01:30:00]} {[%emt 00:00:04]} 4. Ba4 {[%clk 01:22:56]} {[%emt 00:00:04]} Nf6
{[%clk 01:30:00]} {[%emt 00:00:04]} 5. O-O {[%clk 01:22:42]} {[%emt 00:00:25]}
d6 {[%clk 01:30:00]} {[%emt 00:00:03]} 6. Re1 {[%clk 01:21:44]} {[%emt
00:01:07]} Bd7 {[%clk 01:30:00]} {[%emt 00:00:06]} 7. c3 {[%clk 01:21:07]}
{[%emt 00:00:47]} g6 {[%clk 01:30:00]} {[%emt 00:00:04]} 8. d4 {[%clk
01:19:34]} {[%emt 00:01:43]} Bg7 {[%clk 01:30:00]} {[%emt 00:00:05]} 9. h3
{[%clk 01:18:30]} {[%emt 00:01:13]} O-O {[%clk 01:30:00]} {[%emt 00:00:08]} 10.
Nbd2 {[%clk 01:18:29]} {[%emt 00:00:11]} Qe8 {[%clk 01:28:11]} {[%emt
00:01:59]} 11. Bb3 {[%clk 01:07:09]} {[%emt 00:11:29]} Nh5 {[%clk 01:26:57]}
{[%emt 00:01:25]} 12. Nf1 {[%clk 01:05:46]} {[%emt 00:01:32]} Kh8 {[%clk
01:26:57]} {[%emt 00:00:06]} 13. g4 {[%clk 01:02:25]} {[%emt 00:03:30]} Nf6
{[%clk 01:25:45]} {[%emt 00:01:23]} 14. Ng3 {[%clk 01:00:56]} {[%emt 00:01:36]}
Qe7 {[%clk 01:17:05]} {[%emt 00:08:52]} 15. Kg2 {[%clk 00:49:29]} {[%emt
00:11:37]} Rae8 {[%clk 01:08:24]} {[%emt 00:08:52]} 16. Be3 {[%clk 00:43:20]}
{[%emt 00:06:16]} Na5 {[%clk 00:56:28]} {[%emt 00:12:09]} 17. Bc2 {[%emt
00:01:34]} Nc4 {[%clk 00:56:16]} 18. Bc1 {[%clk 00:41:57]} {[%emt 00:00:29]}
exd4 {[%clk 00:45:35]} {[%emt 00:10:52]} 19. cxd4 {[%clk 00:41:15]} {[%emt
00:00:52]} c5 {[%clk 00:40:35]} {[%emt 00:05:10]} 20. b3 {[%clk 00:30:31]}
{[%emt 00:10:53]} Na5 {[%clk 00:36:23]} {[%emt 00:04:22]} 21. e5 {[%clk
00:27:45]} {[%emt 00:02:57]} dxe5 {[%clk 00:35:56]} {[%emt 00:00:37]} 22. dxe5
{[%clk 00:26:02]} {[%emt 00:01:52]} Ng8 {[%clk 00:35:37]} {[%emt 00:00:29]} 23.
Bg5 {[%clk 00:25:37]} {[%emt 00:00:35]} Qe6 {[%clk 00:35:37]} {[%emt 00:00:02]}
24. Ne4 {[%clk 00:24:46]} {[%emt 00:00:59]} Bc6 {[%clk 00:30:38]} {[%emt
00:05:10]} 25. Nxc5 {[%clk 00:08:16]} {[%emt 00:16:40]} Qc8 {[%clk 00:30:38]}
{[%emt 00:00:10]} 26. Be4 {[%clk 00:07:55]} {[%emt 00:00:30]} b6 {[%clk
00:15:55]} {[%emt 00:14:53]} 27. Bxc6 {[%clk 00:07:23]} {[%emt 00:00:42]} Nxc6
{[%clk 00:15:55]} {[%emt 00:00:10]} 28. Nd7 {[%clk 00:06:20]} {[%emt 00:01:14]}
Rd8 {[%clk 00:15:37]} {[%emt 00:00:28]} 29. Bxd8 {[%clk 00:05:04]} {[%emt
00:01:25]} Rxd8 {[%clk 00:15:37]} {[%emt 00:00:02]} 30. Nxb6 {[%clk 00:04:03]}
{[%emt 00:01:11]} Qb7 {[%clk 00:15:37]} {[%emt 00:00:05]} 31. Qe2 {[%clk
00:03:43]} {[%emt 00:00:29]} Qxb6 {[%clk 00:15:27]} {[%emt 00:00:21]} 32. Rad1
{[%clk 00:03:42]} {[%emt 00:00:10]} Nge7 {[%clk 00:11:33]} {[%emt 00:04:05]} 33.
Qc4 {[%clk 00:03:33]} {[%emt 00:00:19]} Qb7 {[%clk 00:06:27]} {[%emt 00:05:16]}
34. Qe4 {[%clk 00:03:28]} {[%emt 00:00:15]} Qc7 {[%clk 00:05:18]} {[%emt
00:01:20]} 35. Rc1 {[%clk 00:03:28]} f5 {[%clk 00:04:10]} {[%emt 00:01:18]} 36.
gxf5 {[%clk 00:02:21]} {[%emt 00:01:16]} gxf5 {[%clk 00:04:10]} 37. Qc4 {[%clk
00:02:21]} {[%emt 00:00:05]} Qb7 {[%clk 00:04:10]} {[%emt 00:00:05]} 38. Kh2
{[%clk 00:01:50]} {[%emt 00:00:40]} Rd5 {[%clk 00:03:30]} {[%emt 00:00:50]} 39.
Rcd1 {[%clk 00:01:23]} {[%emt 00:00:38]} Nxe5 {[%clk 00:02:30]} {[%emt
00:01:10]} 40. Nxe5 {[%clk 00:01:23]} {[%emt 00:00:01]} Bxe5+ {[%clk 00:02:30]}
41. f4 {[%clk 00:01:23]} Rxd1 {[%clk 00:02:10]} {[%emt 00:00:30]} 42. Rxd1
{[%clk 00:01:23]} Bf6 {[%clk 00:02:10]} 43. Qe6 {[%clk 00:01:17]} {[%emt
00:00:15]} Ng8 {[%clk 00:01:37]} {[%emt 00:00:44]} 44. Qxf5 {[%clk 00:01:16]}
{[%emt 00:00:10]} Qf3 {[%clk 00:01:28]} {[%emt 00:00:19]} 45. Rg1 {[%clk
00:01:16]} {[%emt 00:00:02]} Qf2+ {[%clk 00:01:27]} {[%emt 00:00:10]} 46. Rg2
{[%clk 00:01:16]} Qd4 {[%clk 00:01:27]} 47. Qg4 {[%clk 00:00:54]} {[%emt
00:00:32]} Ne7 {[%clk 00:00:56]} {[%emt 00:00:42]} 48. Rc2 {[%clk 00:00:43]}
{[%emt 00:00:20]} Qd3 {[%clk 00:00:45]} {[%emt 00:00:21]} 49. Qe2 {[%clk
00:00:42]} {[%emt 00:00:11]} Qd6 {[%clk 00:00:45]} {[%emt 00:00:06]} 50. Qe4
{[%clk 00:00:42]} {[%emt 00:00:04]} Ng6 {[%clk 00:00:44]} {[%emt 00:00:12]} 51.
Rc6 {[%clk 00:00:11]} {[%emt 00:00:41]} Qd2+ {[%clk 00:00:44]} 52. Kh1 {[%clk
00:00:11]} Qd1+ {[%clk 00:00:44]} {[%emt 00:00:09]} 53. Kh2 {[%clk 00:00:11]}
{[%emt 00:00:03]} Qd2+ {[%clk 00:00:44]} {[%emt 00:00:01]} 54. Kh1 {[%clk
00:00:11]} Kg7 {[%clk 00:00:29]} {[%emt 00:00:25]} 55. f5 {[%clk 00:00:11]} Ne5
{[%clk 00:00:16]} {[%emt 00:00:23]} 56. Rc7+ {[%clk 00:00:10]} {[%emt
00:00:11]} Kh6 {[%clk 00:00:16]} 57. Rc2 {[%clk 00:00:10]} {[%emt 00:00:01]}
Qd1+ {[%clk 00:00:16]} {[%emt 00:00:03]} 58. Kg2 {[%clk 00:00:10]} Qd7 {[%clk
00:00:04]} {[%emt 00:00:23]} 59. Qf4+ {[%clk 00:00:10]} {[%emt 00:00:02]} Kg7
{[%clk 00:00:04]} 60. Qe4 {[%clk 00:00:10]} {[%emt 00:00:06]} Kh6 {[%clk
00:00:04]} {[%emt 00:00:07]} 61. Rf2 {[%clk 00:00:10]} {[%emt 00:00:07]} Qg7+
{[%clk 00:00:04]} {[%emt 00:00:05]} 62. Kf1 {[%clk 00:00:10]} Qg5 {[%clk
00:00:04]} {[%emt 00:00:05]} 63. Qc2 {[%clk 00:00:10]} {[%emt 00:00:09]} Qg3
{[%clk 00:00:04]} {[%emt 00:00:05]} 64. Qd2+ {[%clk 00:00:09]} {[%emt
00:00:11]} Kh5 {[%clk 00:00:04]} {[%emt 00:00:06]} 65. Qe2+ {[%clk 00:00:09]}
{[%emt 00:00:04]} Kh6 {[%clk 00:00:04]} {[%emt 00:00:08]} 66. Qxa6 {[%clk
00:00:07]} {[%emt 00:00:13]} Qxh3+ {[%clk 00:00:04]} 67. Ke2 {[%clk 00:00:07]}
{[%emt 00:00:04]} Ng4 {[%clk 00:00:04]} {[%emt 00:00:03]} 68. Qb6 {[%clk
00:00:07]} {[%emt 00:00:09]} Qg3 {[%clk 00:00:04]} {[%emt 00:00:04]} 69. Rf1
{[%clk 00:00:07]} {[%emt 00:00:07]} Qg2+ {[%clk 00:00:04]} 70. Ke1 {[%clk
00:00:07]} Kg5 {[%clk 00:00:04]} {[%emt 00:00:01]} 71. Qb4 {[%emt 00:00:08]}
Kh5 {[%clk 00:00:04]} {[%emt 00:00:07]} 72. Qf4 {[%clk 00:00:07]} {[%emt
00:00:11]} Bh4+ {[%clk 00:00:04]} {[%emt 00:00:01]} 73. Kd1 {[%clk 00:00:07]}
{[%emt 00:00:03]} Ne3+ {[%clk 00:00:04]} {[%emt 00:00:02]} 74. Qxe3 {[%clk
00:00:07]} {[%emt 00:00:01]} Qxf1+ {[%clk 00:00:04]} 75. Kc2 {[%clk 00:00:07]}
{[%emt 00:00:01]} Qxf5+ {[%clk 00:00:04]} {[%emt 00:00:01]} 76. Kd1 {[%clk
00:00:07]} {[%emt 00:00:07]} Qb1+ {[%clk 00:00:04]} {[%emt 00:00:02]} 77. Ke2
{[%clk 00:00:07]} {[%emt 00:00:05]} Qxa2+ {[%clk 00:00:04]} {[%emt 00:00:03]}
78. Kf1 {[%clk 00:00:07]} {[%emt 00:00:03]} Qb1+ {[%clk 00:00:04]} {[%emt
00:00:02]} 79. Kg2 {[%clk 00:00:07]} {[%emt 00:00:01]} Qc2+ {[%clk 00:00:04]}
{[%emt 00:00:04]} 80. Kh3 {[%clk 00:00:07]} {[%emt 00:00:08]} Qf5+ {[%clk
00:00:04]} {[%emt 00:00:02]} 81. Kh2 {[%clk 00:00:07]} {[%emt 00:00:02]} Qg4
{[%clk 00:00:04]} {[%emt 00:00:08]} 82. Qc5+ {[%clk 00:00:07]} {[%emt
00:00:06]} Bg5 {[%clk 00:00:04]} {[%emt 00:00:03]} 83. Qe5 {[%clk 00:00:07]}
{[%emt 00:00:05]} Qf3 {[%clk 00:00:04]} {[%emt 00:00:08]} 84. Kg1 {[%clk
00:00:05]} {[%emt 00:00:12]} Kg4 {[%clk 00:00:04]} {[%emt 00:00:04]} 85. Qe6+
{[%clk 00:00:05]} {[%emt 00:00:02]} Kh4 {[%clk 00:00:04]} {[%emt 00:00:05]} 86.
Qe1+ {[%clk 00:00:05]} {[%emt 00:00:05]} Kh5 {[%clk 00:00:04]} {[%emt
00:00:02]} 87. Qe8+ {[%clk 00:00:05]} Kh6 {[%clk 00:00:04]} {[%emt 00:00:03]}
88. Qe6+ {[%clk 00:00:05]} {[%emt 00:00:02]} Bf6 {[%emt 00:00:04]} 89. b4
{[%clk 00:00:05]} {[%emt 00:00:03]} Kg5 {[%clk 00:00:04]} {[%emt 00:00:06]} 90.
Qg8+ {[%clk 00:00:05]} {[%emt 00:00:06]} Kh6 {[%clk 00:00:04]} 91. Qe6 {[%clk
00:00:05]} {[%emt 00:00:02]} Qg3+ {[%clk 00:00:04]} {[%emt 00:00:07]} 92. Kf1
{[%clk 00:00:05]} {[%emt 00:00:01]} Qd3+ {[%clk 00:00:04]} {[%emt 00:00:06]} 93.
Ke1 {[%clk 00:00:01]} {[%emt 00:00:12]} Qb1+ {[%clk 00:00:04]} {[%emt
00:00:09]} 94. Kf2 {[%clk 00:00:01]} {[%emt 00:00:02]} Qb2+ {[%clk 00:00:04]}
{[%emt 00:00:04]} 95. Kf1 {[%clk 00:00:01]} Qa1+ {[%clk 00:00:04]} {[%emt
00:00:07]} 96. Kf2 {[%clk 00:00:01]} Qd4+ {[%clk 00:00:04]} {[%emt 00:00:01]}
97. Kf1 {[%clk 00:00:01]} Qd3+ {[%clk 00:00:04]} {[%emt 00:00:05]} 98. Ke1
{[%clk 00:00:01]} {[%emt 00:00:02]} Kg5 {[%clk 00:00:04]} {[%emt 00:00:06]} 99.
Qg8+ {[%clk 00:00:01]} {[%emt 00:00:03]} Kf4 {[%clk 00:00:04]} {[%emt
00:00:03]} 100. Qb8+ {[%clk 00:00:01]} {[%emt 00:00:02]} Be5 {[%clk 00:00:04]}
{[%emt 00:00:02]} 101. Qf8+ {[%clk 00:00:01]} {[%emt 00:00:01]} Ke4 {[%clk
00:00:04]} {[%emt 00:00:02]} 102. Qa8+ {[%clk 00:00:01]} {[%emt 00:00:03]} Ke3
{[%clk 00:00:04]} {[%emt 00:00:02]} 103. Qa7+ {[%clk 00:00:01]} {[%emt
00:00:03]} Kf3 {[%clk 00:00:04]} {[%emt 00:00:05]} 104. Qf2+ {[%clk 00:00:01]}
{[%emt 00:00:06]} Kg4 {[%clk 00:00:04]} {[%emt 00:00:07]} 105. Qe2+ {[%clk
00:00:01]} {[%emt 00:00:06]} Qxe2+ {[%clk 00:00:04]} 106. Kxe2 {[%clk
00:00:01]} Kg3 {[%clk 00:00:04]} 107. Kf1 {[%clk 00:00:01]} {[%emt 00:00:03]}
Bd4 {[%emt 00:00:06]} 0-1

[Event "2023 National K-12 Grade Championships"]
[Site "Orlando, Florida, United States"]
[Date "2023.12.16"]
[Round "5.13"]
[White "Pothuri, Abhiram"]
[Black "Reiss, Aiden"]
[Result "0-1"]
[TimeControl "G/90;d10"]
[WhiteElo "2082"]
[BlackElo "2260"]

1. e4 {[%clk 01:30:00]} {[%emt 00:00:02]} c5 {[%clk 01:14:38]} {[%emt
00:15:34]} 2. Nf3 {[%clk 01:30:00]} {[%emt 00:00:08]} e6 {[%clk 01:14:34]}
{[%emt 00:00:14]} 3. d4 {[%clk 01:30:00]} {[%emt 00:00:08]} cxd4 {[%clk
01:14:34]} {[%emt 00:00:02]} 4. Nxd4 {[%clk 01:30:00]} {[%emt 00:00:09]} Nf6
{[%clk 01:14:34]} {[%emt 00:00:01]} 5. Bd3 {[%clk 01:29:42]} {[%emt 00:00:28]}
Nc6 {[%clk 01:14:34]} {[%emt 00:00:01]} 6. Nxc6 {[%clk 01:27:42]} {[%emt
00:02:11]} bxc6 {[%clk 01:14:16]} {[%emt 00:00:28]} 7. O-O {[%clk 01:27:34]}
{[%emt 00:00:19]} d5 {[%clk 01:14:05]} {[%emt 00:00:20]} 8. Bg5 {[%clk
01:24:50]} {[%emt 00:02:54]} Be7 {[%clk 01:14:05]} {[%emt 00:00:10]} 9. Nc3
{[%clk 01:23:19]} {[%emt 00:01:41]} O-O {[%clk 01:14:05]} {[%emt 00:00:06]} 10.
Qf3 {[%clk 01:19:29]} {[%emt 00:04:00]} a5 {[%clk 01:13:25]} {[%emt 00:00:50]}
11. Rad1 {[%clk 01:13:45]} {[%emt 00:05:54]} Ba6 {[%clk 01:12:18]} {[%emt
00:01:17]} 12. Qh3 {[%clk 01:10:10]} {[%emt 00:03:44]} Bxd3 {[%clk 01:11:31]}
{[%emt 00:00:58]} 13. cxd3 {[%clk 01:09:26]} {[%emt 00:00:54]} Nd7 {[%clk
01:09:20]} {[%emt 00:02:19]} 14. Bxe7 {[%clk 01:07:32]} {[%emt 00:02:05]} Qxe7
{[%clk 01:09:20]} {[%emt 00:00:02]} 15. d4 {[%clk 01:06:57]} {[%emt 00:00:46]}
Nb6 {[%clk 01:07:34]} {[%emt 00:01:56]} 16. Qd3 {[%clk 00:57:22]} {[%emt
00:09:46]} a4 {[%clk 01:06:20]} {[%emt 00:01:24]} 17. Qc2 {[%clk 00:54:02]}
{[%emt 00:03:29]} Rfb8 {[%clk 01:05:26]} {[%emt 00:01:03]} 18. b3 {[%clk
00:49:03]} {[%emt 00:05:11]} axb3 {[%clk 01:02:56]} {[%emt 00:02:40]} 19. axb3
{[%clk 00:49:03]} {[%emt 00:00:10]} Rc8 {[%clk 01:02:01]} {[%emt 00:01:04]} 20.
e5 {[%clk 00:37:43]} {[%emt 00:11:29]} Qb4 {[%clk 00:59:10]} {[%emt 00:03:02]}
21. Ne2 {[%clk 00:28:46]} {[%emt 00:09:06]} Ra3 {[%clk 00:57:41]} {[%emt
00:01:39]} 22. Rd3 {[%clk 00:26:29]} {[%emt 00:02:28]} c5 {[%clk 00:57:26]}
{[%emt 00:00:25]} 23. Rc3 {[%clk 00:25:01]} {[%emt 00:01:37]} c4 {[%clk
00:54:17]} {[%emt 00:03:19]} 24. Rb1 {[%clk 00:23:11]} {[%emt 00:02:01]} Rca8
{[%clk 00:46:32]} {[%emt 00:07:55]} 25. bxc4 {[%clk 00:16:13]} {[%emt
00:07:07]} Ra1 {[%clk 00:46:15]} {[%emt 00:00:28]} 26. Rxa1 {[%clk 00:14:48]}
{[%emt 00:01:35]} Rxa1+ {[%clk 00:46:15]} {[%emt 00:00:04]} 27. Nc1 {[%clk
00:14:18]} {[%emt 00:00:39]} Ra3 {[%clk 00:44:24]} {[%emt 00:02:02]} 28. Ne2
{[%clk 00:05:20]} {[%emt 00:09:08]} Na4 {[%clk 00:44:17]} {[%emt 00:00:17]} 29.
cxd5 {[%clk 00:04:20]} {[%emt 00:01:10]} Nxc3 {[%clk 00:44:17]} {[%emt
00:00:09]} 30. Nc1 {[%clk 00:04:01]} {[%emt 00:00:29]} Ra1 {[%clk 00:44:14]}
{[%emt 00:00:13]} 31. Kf1 {[%clk 00:03:50]} {[%emt 00:00:21]} Qb1 {[%clk
00:43:46]} {[%emt 00:00:38]} 0-1